| 000 | 00763nam a2200265 a 4500 | ||
|---|---|---|---|
| 001 | ocm05581391 | ||
| 003 | PILC | ||
| 005 | 20150904103535.0 | ||
| 008 | |||
| 050 |
_aBS 491.5 _b.D561 2013 |
||
| 245 | 1 | 0 |
_aDidache : _bDaily bible reflections for catholics. |
| 260 |
_aQuezon City : _bShepeherd's Voice Publications, Inc., _c1993- |
||
| 300 |
_ano page number ; _c15 cm. |
||
| 362 | _a(Aug. 1993)- . | ||
| 500 | _aLocal Publication. | ||
| 500 | _aCover title. | ||
| 650 |
_aReflections _xBiblical teachings. |
||
| 942 |
_2lcc _cBK |
||
| 999 |
_c288607 _d288607 |
||